|
|
|
|
| LEADER |
01957nam a2200433 a 4500 |
| 001 |
nkc20061655285 |
| 003 |
CZ PrNK |
| 005 |
20061024124016.0 |
| 007 |
ta |
| 008 |
060517s2006 xr a f m 000 0 cze |
| 015 |
|
|
|a cnb001655285
|
| 020 |
|
|
|a 80-214-3184-9
|q (brož.)
|
| 035 |
|
|
|a (OCoLC)85547291
|
| 040 |
|
|
|a OLA001
|b cze
|d BOA001
|d ABA001
|
| 041 |
0 |
|
|a cze
|b eng
|
| 072 |
|
7 |
|a 666
|x Sklářství. Keramika. Cement
|2 Konspekt
|9 19
|
| 080 |
|
|
|a 666.3.032
|2 MRF
|
| 080 |
|
|
|a (043.5)
|2 MRF
|
| 100 |
1 |
|
|a Trunec, Martin,
|d 1964-
|7 mzk2006353813
|4 aut
|
| 245 |
1 |
0 |
|a Termoplastické tvarování pokročilé keramiky =
|b Thermoplastic shaping of advanced ceramics : zkrácená verze habilitační práce /
|c Martin Trunec
|
| 246 |
3 |
1 |
|a Thermoplastic shaping of advanced ceramics
|
| 260 |
|
|
|a Brno :
|b VUTIUM,
|c 2006
|
| 300 |
|
|
|a 16 s. :
|b il. ;
|c 24 cm
|
| 490 |
1 |
|
|a Vědecké spisy Vysokého učení technického v Brně. Habilitační a inaugurační spisy,
|x 1213-418X ;
|v sv. 208
|
| 500 |
|
|
|a Zkrácená verze habilitační práce--Vysoké učení technické v Brně, Fakulta strojního inženýrství, Ústav materiálových věd a inženýrství, 2006
|
| 504 |
|
|
|a Obsahuje bibliografii
|
| 546 |
|
|
|a Anglické resumé
|
| 650 |
0 |
7 |
|a tvarování keramiky
|7 ph234833
|2 czenas
|
| 650 |
0 |
9 |
|a ceramics forming
|2 eczenas
|
| 655 |
|
7 |
|a habilitační práce
|7 fd185153
|2 czenas
|
| 655 |
|
9 |
|a habilitation theses
|2 eczenas
|
| 710 |
2 |
|
|a Vysoké učení technické v Brně.
|b Ústav materiálových věd a inženýrství
|7 mzk2005304588
|
| 810 |
2 |
|
|a Vysoké učení technické v Brně.
|t Vědecké spisy.
|p Habilitační a inaugurační spisy
|0 s
|
| 910 |
2 |
|
|a BOA001
|b 2-1173.151
|
| 990 |
|
|
|a BK
|
| 995 |
|
|
|a 01
|
| 991 |
|
|
|b 200608
|c NOV
|
| 996 |
6 |
|
|b 2610286691
|c 2-1173.151
|l MZK
|r Sklad / do 1 hodiny
|n 1
|p p.v.
|w 000823160
|u 000010
|a 1
|e BOA001
|j MZK50
|s P
|
| 996 |
7 |
|
|b 2610286692
|c 2-1173.151
|l MZK
|r Sklad / do 1 hodiny
|n 0
|p p.v.
|w 000823160
|u 000020
|a 1
|e BOA001
|j MZK50
|s A
|